000 00263nam a22001217a 4500
999 _c158302
_d158302
082 _a
_b
100 _aAnupchand Kapur
245 _aSelect constitutions/
_cby Anupchand Kapur.
260 _a
_bS Chand,
_c1995.
300 _a293p.
650 _a
942 _cBK